[Event "Dulles Skyline op 3rd"]
[Site "Dulles"]
[Date "2024.10.14"]
[Round "9"]
[White "Gilbert, Walker Wade"]
[Black "Mariappan, Anish M"]
[Result "1/2-1/2"]
[WhiteElo "1719"]
[BlackElo "1828"]
[PlyCount "202"]
[EventDate "2024.10.10"]
[EventType "swiss"]
[EventRounds "9"]
[EventCountry "USA"]
[SourceTitle "CB43_2024"]
[Source "Chessbase"]
[SourceDate "2024.10.23"]
[SourceVersion "1"]
[SourceVersionDate "2024.10.23"]
[SourceQuality "1"]

1. e4 e5 2. Nf3 Nc6 3. Bb5 a6 4. Ba4 b5 5. Bb3 Na5 6. Nxe5 Nxb3 7. axb3 Qg5 8. d4 Qxg2 9. Qf3 Qxf3 10. Nxf3 Bb7 11. Nbd2 Nf6 12. 0-0 Be7 13. Re1 0-0 14. c4 Bb4 15. Re3 Rfe8 16. d5 Ng4 17. Re2 c6 18. h3 Nf6 19. Kf1 a5 20. cxb5 cxb5 21. Re3 Rac8 22. Re1 Nh5 23. Nd4 Nf4 24. Rd1 Nxh3 25. Kg2 Nf4+ 26. Kg3 Nd3 27. Nf1 Nxc1 28. Raxc1 Rxc1 29. Rxc1 Rxe4 30. Nxb5 h5 31. Ne3 Bd2 32. Rc7 Ba6 33. Nd6 Re5 34. Rxd7 Bxe3 35. fxe3 Rxd5 36. Rd8+ Kh7 37. Nxf7 Rb5 38. Kh4 Kg6 39. Nh8+ Kh7 40. Nf7 Kg6 41. Nh8+ Kf5 42. Kxh5 Ke4+ 43. Kg6 Rxb3 44. Ra8 Rb6+ 45. Kxg7 Kxe3 46. Ng6 Kd2 47. Ne5 Kc2 48. Nc4 Bxc4 49. Rxa5 Kxb2 50. Rf5 Kc3 51. Rf6 Rb7+ 52. Kg6 Kd4 53. Kf5 Bd3+ 54. Kf4 Be4 55. Rd6+ Bd5 56. Kf5 Rf7+ 57. Rf6 Be4+ 58. Ke6 Ra7 59. Rf1 Ra6+ 60. Kd7 Ke5 61. Kc7 Rc6+ 62. Kd7 Rc4 63. Re1 Ra4 64. Kc7 Rb4 65. Rc1 Rb7+ 66. Kc8 Rh7 67. Kb8 Kd6 68. Rc7 Rh8+ 69. Rc8 Rh5 70. Rd8+ Kc6 71. Rc8+ Kb6 72. Rc3 Bc6 73. Rb3+ Bb5 74. Rc3 Rh7 75. Rc1 Rf7 76. Rc2 Rf8+ 77. Rc8 Rf1 78. Rc2 Ra1 79. Rc3 Re1 80. Rc2 Bc6 81. Rb2+ Bb5 82. Rc2 Re8+ 83. Rc8 Re7 84. Rc2 Rd7 85. Rc1 Rb7+ 86. Ka8 Rd7 87. Kb8 Rb7+ 88. Ka8 Ra7+ 89. Kb8 Ra2 90. Rc3 Rh2 91. Rc1 Rb2 92. Kc8 Rd2 93. Kb8 Ba6 94. Rb1+ Kc6 95. Rc1+ Kb6 96. Rb1+ Bb5 97. Rc1 Rd8+ 98. Rc8 Rd7 99. Rc2 Rb7+ 100. Ka8 Ra7+ 101. Kb8 Ra8+ 1/2-1/2